00361nam a2200121Ia 4500008004100000082002000041100001800061245002900079260004000108300001000148630001800158650006300176211109s9999||||xx |||||||||||||| ||und|| a894.8122bKES-K aKesava Dev, P 0aKesavadevinta Natakangal bNational Book StallaKottayamc1967 a318p. xGeneral Stack aLiteraturevmalayalam literatureMalayalam DramaxMalayalam